QUEST Central Library Banner

Software engineering / (Record no. 7565)

MARC details
000 -LEADER
fixed length control field 00514nam a2200157 a 4500
020 ## - INTERNATIONAL STANDARD BOOK NUMBER
ISBN 8121922011 (paperback)
020 ## - INTERNATIONAL STANDARD BOOK NUMBER
ISBN 9788121922012 (paperback)
100 1# - MAIN ENTRY--AUTHOR NAME
Personal name Sajan, Mathew.
245 10 - TITLE STATEMENT
Title Software engineering /
260 ## - PUBLICATION, DISTRIBUTION, ETC. (IMPRINT)
Place of publication [S.l.] :
Name of publisher S Chand & Co Ltd,
Year of publication 2010.
300 ## - PHYSICAL DESCRIPTION
Number of Pages 1 v. (unpaged) ;
856 40 - ELECTRONIC LOCATION AND ACCESS
Uniform Resource Identifier http://www.amazon.com/exec/obidos/ASIN/8121922011/chopaconline-20
Holdings
Withdrawn status Lost status Home library Current library Date acquired Cost, normal purchase price Full call number Accession Number Koha item type
    Central Library, QUEST, Nawabshah Central Library, QUEST, Nawabshah 25/06/2014 284.00 005.1MAT 31769 Books
    Central Library, QUEST, Nawabshah Central Library, QUEST, Nawabshah 25/06/2014 284.00 005.1MAT 31770 Books

Copyright © 2018,The QUEST, Nawabshah, Shaheed Benazirabad. All rights reserved
Mr. G. Farooq Channar (Librarian) QUEST, Nawabshah, Sindh, Pakistan 67480.
 Ph#: |   0244-9370381-4 Ext. 2308   Email| lib@quest.edu.pk   Web|  http://www.quest.edu.pk